|
|
|
|
| LEADER |
03245nam a2200757 i 4500 |
| 001 |
nkc20233520449 |
| 003 |
CZ PrNK |
| 005 |
20231016174109.0 |
| 007 |
ta |
| 008 |
230515s2023 xr a f 000 0 cze |
| 015 |
|
|
|a cnb003520449
|
| 020 |
|
|
|a 978-80-907606-6-0
|q (brožováno)
|
| 035 |
|
|
|a (OCoLC)1408816697
|
| 040 |
|
|
|a OLA001
|b cze
|e rda
|
| 041 |
0 |
|
|a cze
|a eng
|a slo
|b cze
|b eng
|
| 072 |
|
7 |
|a 27-5
|x Liturgie. Křesťanské umění a symbolika. Duchovní život
|2 Konspekt
|9 5
|
| 080 |
|
|
|a 27-58
|2 MRF
|
| 080 |
|
|
|a 27-584.5
|2 MRF
|
| 080 |
|
|
|a 2-188.3-584.5
|2 MRF
|
| 080 |
|
|
|a 2-587.7
|2 MRF
|
| 080 |
|
|
|a 159.974
|2 MRF
|
| 080 |
|
|
|a 159.923.2:17.024.3
|2 MRF
|
| 080 |
|
|
|a 613.86
|2 MRF
|
| 080 |
|
|
|a 316.728-021.465
|2 MRF
|
| 080 |
|
|
|a 27
|2 MRF
|
| 080 |
|
|
|a (048.8)
|2 MRF
|
| 080 |
|
|
|a (047.31)
|2 MRF
|
| 100 |
1 |
|
|a Janů, Anna
|7 ola20231201225
|4 aut
|
| 245 |
1 |
0 |
|a Duchovní zápasy v životě člověka a jejich asociace se zdravím =
|b Spiritual struggles in the human life and their associations with health /
|c Anna Janů
|
| 246 |
3 |
1 |
|a Spiritual struggles in the human life and their associations with health
|
| 250 |
|
|
|a První vydání
|
| 264 |
|
1 |
|a Brno :
|b Akademie kanonického práva,
|c 2023
|
| 300 |
|
|
|a 183 stran :
|b ilustrace (některé barevné) ;
|c 24 cm
|
| 336 |
|
|
|a text
|b txt
|2 rdacontent
|
| 337 |
|
|
|a bez média
|b n
|2 rdamedia
|
| 338 |
|
|
|a svazek
|b nc
|2 rdacarrier
|
| 490 |
1 |
|
|a Studijní texty ;
|v svazek I
|
| 504 |
|
|
|a Obsahuje bibliografie a bibliografické odkazy
|
| 546 |
|
|
|a Částečně anglický a slovenský text, česká a anglická resumé
|
| 650 |
0 |
7 |
|a křesťanská spiritualita
|7 ph138493
|2 czenas
|
| 650 |
0 |
7 |
|a duchovní cesta
|7 ph119626
|x křesťanské pojetí
|2 czenas
|
| 650 |
0 |
7 |
|a duchovní překážky
|7 ph514349
|x křesťanské pojetí
|2 czenas
|
| 650 |
0 |
7 |
|a duchovní zkušenosti
|7 ph547723
|x křesťanské pojetí
|2 czenas
|
| 650 |
0 |
7 |
|a psychická traumata
|7 ph124784
|x křesťanské pojetí
|2 czenas
|
| 650 |
0 |
7 |
|a vyrovnání se s minulostí
|7 ph210129
|x křesťanské pojetí
|2 czenas
|
| 650 |
0 |
7 |
|a duševní zdraví
|7 ph119649
|x křesťanské pojetí
|2 czenas
|
| 650 |
0 |
7 |
|a kvalita života
|7 ph198739
|x křesťanské pojetí
|2 czenas
|
| 650 |
0 |
9 |
|a Christian spirituality
|2 eczenas
|
| 650 |
0 |
9 |
|a spiritual path
|x Christian approach
|2 eczenas
|
| 650 |
0 |
9 |
|a spiritual difficulties
|x Christian approach
|2 eczenas
|
| 650 |
0 |
9 |
|a spiritual experiences
|x Christian approach
|2 eczenas
|
| 650 |
0 |
9 |
|a psychic trauma
|x Christian approach
|2 eczenas
|
| 650 |
0 |
9 |
|a coming to terms with the past
|x Christian approach
|2 eczenas
|
| 650 |
0 |
9 |
|a mental health
|x Christian approach
|2 eczenas
|
| 650 |
0 |
9 |
|a quality of life
|x Christian approach
|2 eczenas
|
| 655 |
|
7 |
|a monografie
|7 fd132842
|2 czenas
|
| 655 |
|
7 |
|a výzkumné zprávy
|7 fd131869
|2 czenas
|
| 655 |
|
9 |
|a monographs
|2 eczenas
|
| 655 |
|
9 |
|a research reports
|2 eczenas
|
| 830 |
|
0 |
|a Studijní texty (Akademie kanonického práva)
|0 s
|
| 910 |
2 |
|
|a BOA001
|b 2-1513.696
|
| 990 |
|
|
|a BK
|
| 995 |
|
|
|a 01
|
| 991 |
|
|
|b 202309
|c NOV
|
| 996 |
6 |
|
|b 2610948407
|c 2-1513.696
|l MZK
|r Sklad / do 1 hodiny
|n 0
|p p.v.
|w 001938615
|u 000010
|a 1
|e BOA001
|j MZK50
|s P
|
| 996 |
7 |
|
|b 2610948408
|c 2-1513.696
|l MZK
|r Sklad / do 1 hodiny
|n 1
|p p.v.
|w 001938615
|u 000020
|a 1
|e BOA001
|j MZK50
|s A
|